[Event "National-chT China 2017"]
[Site "Beijing"]
[Date "2017.06.09"]
[Round "4"]
[White "Zhang, Xiaowen"]
[Black "Chu, Ruotong"]
[Result "0-1"]
[WhiteElo "2355"]
[BlackElo "2147"]
[Annotator "TA"]
[PlyCount "134"]
[EventDate "2017.??.??"]
[EventCountry "CHN"]
[SourceTitle "playchess.com"]
[Source "ChessBase"]
[SourceQuality "1"]

{[%evp 17,134,14,35,-19,16,0,0,-12,25,18,20,0,0,0,0,0,4,-6,-6,-18,-15,-27,-13,-30,-29,-32,6,0,22,11,70,54,56,56,120,135,130,142,205,119,129,136,201,192,213,216,202,206,197,191,226,172,382,231,216,144,143,141,136,95,112,29,24,0,0,0,59,0,0,0,0,-13,-8,-8,-12,-127,-127,-106,-103,-127,-127,-127,-127,-311,-309,-464,-428,-619,-541,-610,-589,-745,-497,-609,-589,-564,-554,-1143,-991,-920,-883,-1278,-827,-1487,-1427,-2121,-2998,-29987,-5034,-1822,-1295,-29978,-29976,-29986,-29984,-29987,-29988,-29988,-29989]} 1. e4 e5 2. Bc4 Nf6 3. d3 c6 4. Nf3 d5 5. Bb3 Bb4+ 6. c3 Bd6 {C24: Bishop's Opening: 2...Nf6} 7. exd5 (7. Bg5 dxe4 8. dxe4 h6 9. Bh4 Qe7 10. Nbd2 Nbd7 11. Bg3 Bc7 12. O-O Nh5 13. h3 Nxg3 14. fxg3 Nc5 15. Bxf7+ Kxf7 16. Nxe5+ {0-1 (34) Carlsen,M (2877)-Caruana,F (2801) Saint Louis 2014}) 7... cxd5 8. O-O O-O 9. Bg5 Be6 {LiveBook: 4 Games} 10. Nbd2 (10. c4 $14) 10... Nbd7 (10... h6 $5 {[%cal Rh6g5]} 11. Bxf6 Qxf6 $11) 11. Rc1 $146 ({Predecessor:} 11. Re1 Qc7 12. Bh4 Bf5 13. Bc2 a6 14. h3 {1-0 (63) Zhang,X (2388)-Ni,S (2320) Wuxi 2014}) 11... Rc8 12. Re1 Qc7 (12... h6 $5 {[%cal Rh6g5]} 13. Bxf6 Qxf6 $15) 13. c4 Qb8 14. Bh4 Bf5 15. Bc2 d4 16. a3 a5 17. h3 h6 18. Bg3 Rfe8 19. Nh4 Bh7 20. Qf3 $1 b6 21. Nf5 Bc5 (21... Bxf5 $5 22. Qxf5 Re6 $11) 22. Ba4 Rc7 23. Bh4 (23. Ne4 {is more complex.} Nxe4 24. Qxe4 Bg6 25. Bxd7 Rxd7 26. Bxe5 Qd8 27. Qg4) 23... Qa8 (23... Re6 $11) 24. Bxf6 Qxf3 25. Nxf3 gxf6 ({Better is} 25... Bxf5 $14 26. Bxe5 Nxe5 27. Nxe5 Re6) 26. N3xd4 $16 ({And not} 26. Nxh6+ Kg7 $17) 26... Bxd4 27. Nxd4 Rd8 (27... Rb7 $16) 28. Nb5 ({White should try} 28. Nc6 $18 Nc5 29. Nxd8 Nxa4 30. b4) 28... Rcc8 29. Na7 Rc7 (29... Ra8 $16) 30. Nc6 $18 Nc5 31. Nxd8 {Hoping for Bc2.} Nxa4 32. b4 $1 axb4 33. axb4 {aiming for Ra1.} Nb2 34. c5 b5 $2 (34... bxc5 {keeps fighting.} 35. Rxc5 Rxc5 36. bxc5 Nxd3) 35. Rc3 Kf8 36. c6 Ke7 37. Nb7 Nxd3 38. Rb1 Nxf2 {[#]} 39. Ra1 (39. Rbb3 $1 $16 Ne4 40. Rc1) 39... Nd3 $11 40. Ra8 (40. Ra5 $5 {[%cal Ra5b5]}) 40... Nxb4 41. Na5 Be4 (41... Nc2 $1 $11) 42. Rh8 (42. Rb8 $1 $14) 42... Nxc6 43. Rxh6 b4 {[%cal Bb5b4,Bb4b3][%mdl 32]} 44. Nxc6+ (44. Rc1 $5 {[%cal Rh6h4]}) 44... Bxc6 {[%mdl 4096] Endgame KRR-KRB} 45. Rb3 Rb7 46. Rh8 (46. Rh4 $11 {was the only way to keep the balance.}) 46... Bd5 $17 47. Rb2 b3 48. Ra8 Be4 49. Kf2 f5 50. Ke3 $2 {[#]} (50. g3 $17 {was necessary.}) 50... Bxg2 $1 $19 {[%mdl 512]} 51. Ra3 (51. Ra5 {only move.} Kd6 52. h4 (52. Rd2+ $2 Ke6 $19)) (51. Rxg2 b2) 51... Bd5 52. Ra5 (52. Kd2 $142 f4 53. Ra4) 52... f4+ 53. Kd3 Ke6 54. h4 Rd7 55. Kc3 e4 56. h5 Rc7+ 57. Kb4 e3 58. h6 f6 {[%cal Bf7f6,Bf6f5][%mdl 32]} 59. Rh2 Rh7 60. Ra6+ Ke5 61. Rh5+ f5 62. Kc3 e2 (62... Rc7+ $142 63. Kd3 Bc4+ 64. Kc3 Bxa6+ 65. Kb2 f3 66. Rh3 f2 67. Rxe3+ Kf4 68. Rc3 Rxc3 69. Kxc3 f1=Q 70. Kxb3 Qc4+ 71. Ka3 Qc3+ 72. Ka2 Bc4+ 73. Kb1 Bb3 74. h7 Qc2+ 75. Ka1 Qc1#) 63. Kd2 Bc4 {( -> ...Rd7+)} 64. Ra5+ Ke4 {Black mates.} 65. Ra1 f3 {[%cal Bf4f3,Bf3f2][%mdl 32]} 66. Rc1 Rd7+ 67. Kc3 f2 {Precision: White = 31%, Black = 67%.} 0-1

[Event "National-chT China 2017"]
[Site "Beijing"]
[Date "2017.06.09"]
[Round "4"]
[White "Xiao, Yiyi"]
[Black "Ni, Shiqun"]
[Result "1/2-1/2"]
[WhiteElo "2287"]
[BlackElo "2436"]
[Annotator "TA"]
[PlyCount "129"]
[EventDate "2017.??.??"]
[EventCountry "CHN"]
[SourceTitle "playchess.com"]
[Source "ChessBase"]
[SourceQuality "1"]

{[%evp 25,129,0,0,-8,21,35,23,20,25,-8,56,44,50,45,54,58,62,42,33,27,67,25,25,23,27,20,72,65,72,20,24,18,19,8,18,6,8,0,39,40,92,85,78,49,77,68,243,243,214,70,89,0,0,0,0,0,0,0,0,0,0,0,0,0,0,0,0,0,0,0,0,0,0,0,0,0,0,0,0,0,0,0,0,0,0,0,0,0,0,0,0,0,0,0,0,0,0,0,0,0,0,0,0,0,0,0]} 1. d4 Nf6 2. c4 g6 3. g3 c6 4. Bg2 d5 5. Nf3 Bg7 6. O-O O-O 7. cxd5 cxd5 8. Ne5 Ne4 9. Nd2 Bf5 10. Qb3 Nc6 11. Nxc6 bxc6 12. Nxe4 Bxe4 13. Bxe4 {D79: Fianchetto Grünfeld: Symmetrical Variation (6 0-0 c6 7 cxd5 cxd5)} dxe4 {LiveBook: 9 Games} 14. Rd1 (14. Be3 Rb8 15. Qa3 Bxd4 16. Rad1 e5 17. Bxd4 exd4 18. Qxa7 Rb6 19. a4 c5 20. a5 Rb5 {0-1 (39) Zhou,J (2589)-Wei,Y (2718) Xinghua 2015}) 14... Rb8 15. Qc2 $146 ({Predecessor:} 15. Qc4 Qd7 16. b3 Rb5 17. e3 Rh5 18. Qf1 Rd8 19. Ba3 Rd5 20. Rac1 e5 {0-1 (34) Zhidkov,V (2395)-Vorobiov,E (2477) Moscow 1999}) 15... Qd5 16. b3 Rfc8 17. Ba3 e6 (17... Bxd4 $11 18. Bb2 Qc5 19. Qxc5 Bxc5) 18. e3 $14 h5 19. Rac1 h4 20. Qe2 Rb5 21. Rc5 (21. Rc2 {with more complications.} Qf5 22. Bc5 a5 23. g4 Qf6 24. Rdc1) 21... Rxc5 22. Bxc5 Rc7 {[%cal Bc8c7,Bc7d7,Bd7d5][%mdl 32]} 23. b4 Rd7 24. Qg4 hxg3 25. hxg3 Qxa2 (25... e5 $11) 26. Qxe4 $16 Rd5 27. Qd3 (27. Rc1 $16) 27... a5 $11 28. e4 Rh5 29. bxa5 Qxa5 30. Qc4 Qd8 31. Rb1 Qd7 {Threatening ...e5.} 32. e5 Qd5 (32... Rh8 $14) 33. Qxd5 $16 cxd5 {[%mdl 4096] Endgame KRB-KRB} 34. Kg2 Rf5 35. f3 g5 $2 (35... f6 $1 $14) 36. g4 $18 Rf4 {[#]} 37. Kf2 (37. Rb8+ $1 $18 Kh7 38. Rb6) 37... f6 $14 38. exf6 ({White should try} 38. Rb8+ $16 Kf7 39. Rb7+ Kg8 40. Re7) 38... Bxf6 {The position is equal.} 39. Ke3 Kf7 40. Rb7+ Kg6 41. Rb6 Kf7 42. Rd6 Bg7 43. Rd7+ Kg6 44. Rd6 Kf7 45. Rd8 Rf6 46. Bd6 {[#] Rd7+ is the strong threat.} Rh6 47. Rd7+ Kg6 48. Re7 Kf6 49. Rb7 {Intending Be5+ and mate.} Kg6 50. Re7 Kf6 51. Re8 (51. Ra7 {looks sharper.} Kg6 52. Bb4 Rh8 53. Re7 Kf6 54. Rb7) 51... Kf7 52. Ra8 Rh1 53. Ra7+ Kg6 54. Be5 Bxe5 55. dxe5 $11 {White wants to play Re7. KR-KR} Rh7 56. Ra6 Re7 57. Kd4 Kf7 58. Kc5 Rd7 59. Ra4 Ke7 60. Ra8 Rc7+ 61. Kd4 Kf7 62. Ra4 Kg7 63. Ra6 Kf7 64. Ra4 Kg7 65. Ra6 {Precision: White = 55%, Black = 66%.} 1/2-1/2

[Event "National-chT China 2017"]
[Site "Beijing"]
[Date "2017.06.09"]
[Round "4"]
[White "Xiao, Yiyi"]
[Black "Ni, Shiqun"]
[Result "*"]
[WhiteElo "2287"]
[BlackElo "2436"]
[Annotator "TA"]
[PlyCount "40"]
[EventDate "2017.??.??"]
[EventCountry "CHN"]
[SourceTitle "playchess.com"]
[Source "ChessBase"]
[SourceQuality "1"]

{[%evp 25,28,7,2,2,13]} 1. d4 Nf6 2. c4 g6 3. g3 c6 4. Bg2 d5 5. Nf3 Bg7 6. O-O O-O 7. cxd5 cxd5 8. Ne5 Ne4 9. Nd2 Bf5 10. Qb3 Nc6 11. Nxc6 bxc6 12. Nxe4 Bxe4 13. Bxe4 {D79: Fianchetto Grünfeld: Symmetrical Variation (6 0-0 c6 7 cxd5 cxd5)} dxe4 {LiveBook: 9 Games} 14. Rd1 (14. Be3 Rb8 15. Qa3 Bxd4 16. Rad1 e5 17. Bxd4 exd4 18. Qxa7 Rb6 19. a4 c5 20. a5 Rb5 {0-1 (39) Zhou,J (2589)-Wei,Y (2718) Xinghua 2015}) 14... Rb8 {Predecessor:} 15. Qc4 $146 Qd7 16. b3 Rb5 17. e3 Rh5 18. Qf1 Rd8 19. Ba3 Rd5 20. Rac1 e5 {0-1 (34) Zhidkov,V (2395)-Vorobiov,E (2477) Moscow 1999} *

[Event "National-chT China 2017"]
[Site "Beijing"]
[Date "2017.06.09"]
[Round "4"]
[White "Liu, Xianglin"]
[Black "Wang, Zhiyu"]
[Result "1-0"]
[WhiteElo "2199"]
[BlackElo "1690"]
[Annotator "TA"]
[PlyCount "109"]
[EventDate "2017.??.??"]
[EventCountry "CHN"]
[SourceTitle "playchess.com"]
[Source "ChessBase"]
[SourceQuality "1"]

{[%evp 18,109,21,12,10,14,11,11,13,16,13,0,4,0,8,-6,0,20,106,106,108,108,113,116,108,107,182,181,192,199,197,172,190,190,179,0,206,111,272,199,250,223,279,254,452,302,571,570,549,548,618,617,710,707,1304,1271,903,858,2063,2084,2830,826,976,960,1133,1122,1109,1110,6187,6187,29996,1929,1856,1922,1912,545,1898,1898,1838,1838,5936,5820,1051,1047,5302,2127,29980,29982,29981,29982,29982,29982,29982,29982]} 1. d4 g6 2. Nf3 Bg7 3. c4 d6 4. g3 c5 5. Bg2 cxd4 6. Nxd4 Qb6 7. Nb3 Nc6 8. Nc3 Nf6 9. O-O O-O 10. Nd5 Nxd5 {A39: Symmetrical English vs ...g6: 4 Bg2 Bg7 5 Nf3 Nf6 6 0-0 0-0 7 d4} 11. cxd5 {Strongly threatening Be3.} Ne5 12. Be3 {[%cal Bc1e3,Be3d4,Bd4c3][%mdl 32]} Qa6 {The position is equal.} 13. Bd4 Bd7 (13... Bg4 14. f3 Bd7 15. f4 Nc4 16. Bxg7 Kxg7 17. Qd4+ Kg8 18. Rfc1 {0-1 (53) Ju,W (2552)-Bocharov,D (2611) Moscow 2012}) 14. Bc3 Rac8 15. Re1 Rfd8 $146 ({Predecessor:} 15... Rc7 16. Bf1 b5 17. Nd4 Qb6 18. a3 {0-1 (35) Jimenez Gonzalez,M-Lobato Lavin,A (2066) Madrid 2001}) 16. Bf1 (16. f4 $5 {[%cal Rf4e5]} Ng4 17. Bxg7 Kxg7 18. e3 $11) 16... Ba4 17. f4 Bxb3 (17... Nd7 $11) 18. axb3 $16 Qb6+ 19. e3 {Threatens to win with Ba5.} Rxc3 20. bxc3 Nd7 21. Rc1 Nc5 (21... Rc8 $16) 22. b4 $18 Ne4 23. Qd3 Nf6 24. Bg2 Rc8 25. Qd4 Nd7 26. Qd3 $2 ({White should play} 26. Qd2 $18) 26... Qc7 $2 (26... Nf6 $1 $11 {and Black stays safe.}) 27. c4 (27. Bh3 $18) 27... Qb6 $2 (27... a5 $16) 28. Rb1 Qa6 (28... a5 $142) 29. Rec1 Nb6 30. Bf1 Na4 $2 (30... Rc7 31. e4 Nd7) 31. Qa3 Nc5 $2 (31... Nb6 {was worth a try.} 32. Qxa6 bxa6) 32. Qxa6 Nxa6 {[#]} 33. c5 $1 dxc5 34. Bxa6 bxa6 35. bxc5 {[%mdl 4096] Endgame KRR-KRB} a5 36. c6 Kf8 37. Rb7 a4 38. Rcb1 Ke8 39. Rxa7 (39. Rb8 $142 Rd8 40. R1b7) 39... a3 40. Rbb7 Bf8 41. Rxa3 e6 42. Rab3 exd5 43. Rb8 Kd8 44. c7+ (44. R3b7 $142 Rxb8 45. c7+ Ke7 46. cxb8=Q+ Kf6 47. Qe5#) 44... Kxc7 45. R3b7+ Kd8 46. Rxc8+ Kxc8 47. Rxf7 {KR-KB} Bc5 48. Kf2 h6 49. Rf6 Kd7 50. Rxg6 Bf8 51. Rf6 Ke7 {[#]} 52. Rxf8 $1 {White mates.} Kxf8 53. Ke2 Kf7 54. Kd3 Ke6 55. g4 {Precision: White = 73%, Black = 23%.} 1-0

[Event "National-chT China 2017"]
[Site "Beijing"]
[Date "2017.06.09"]
[Round "4"]
[White "Liu, Xianglin"]
[Black "Wang, Zhiyu"]
[Result "*"]
[WhiteElo "2199"]
[BlackElo "1690"]
[Annotator "TA"]
[PlyCount "35"]
[EventDate "2017.??.??"]
[EventCountry "CHN"]
[SourceTitle "playchess.com"]
[Source "ChessBase"]
[SourceQuality "1"]

{[%evp 18,28,21,2,14,18,8,15,22,17,16,-16,0]} 1. d4 g6 2. Nf3 Bg7 3. c4 d6 4. g3 c5 5. Bg2 cxd4 6. Nxd4 Qb6 7. Nb3 Nc6 8. Nc3 Nf6 9. O-O O-O 10. Nd5 {The position is equal.} Nxd5 {A39: Symmetrical English vs ...g6: 4 Bg2 Bg7 5 Nf3 Nf6 6 0-0 0-0 7 d4} 11. cxd5 {[#] Be3 is the strong threat.} Ne5 12. Be3 {[%cal Bc1e3,Be3d4,Bd4c3][%mdl 32]} Qa6 13. Bd4 Bd7 (13... Bg4 14. f3 Bd7 15. f4 Nc4 16. Bxg7 Kxg7 17. Qd4+ Kg8 18. Rfc1 {0-1 (53) Ju,W (2552)-Bocharov,D (2611) Moscow 2012}) 14. Bc3 (14. f4 $5 {[%cal Rf4e5]} Ng4 15. Qd2 $11) 14... Rac8 {Predecessor:} 15. Re1 $146 Rc7 16. Bf1 b5 17. Nd4 Qb6 18. a3 {0-1 (35) Jimenez Gonzalez,M-Lobato Lavin,A (2066) Madrid 2001} *

[Event "National-chT China 2017"]
[Site "Beijing"]
[Date "2017.06.09"]
[Round "4"]
[White "Huang, Renjie"]
[Black "Huang Bangbo"]
[Result "*"]
[WhiteElo "2156"]
[BlackElo "1708"]
[Annotator "ChessBase"]
[PlyCount "63"]
[EventDate "2017.??.??"]
[EventCountry "CHN"]
[TimeControl "40/5400+30:1800+30"]

1. e4 c5 2. Nf3 Nc6 3. d4 cxd4 4. Nxd4 e6 5. Nc3 Qc7 6. g3 a6 7. Bg2 Nf6 8. O-O Nxd4 9. Qxd4 Bc5 10. Bf4 d6 11. Qd2 h6 12. Rad1 e5 13. Be3 Be6 14. Bxc5 dxc5 15. Nd5 Bxd5 16. exd5 Qd6 17. f4 O-O 18. fxe5 Qxe5 19. c4 Qd6 20. Qf4 Ne8 21. Qf5 Rd8 22. Be4 g6 23. Qf2 f5 24. Bc2 Nf6 25. Rde1 Rde8 26. b4 b6 27. bxc5 bxc5 28. Qd2 Ng4 29. Ba4 Re4 30. Rxe4 fxe4 31. Rxf8+ Qxf8 32. Bd7 *

[Event "National-chT China 2017"]
[Site "Beijing"]
[Date "2017.06.09"]
[Round "4"]
[White "Liu, Hongyan"]
[Black "Zhou, Guijue"]
[Result "*"]
[WhiteElo "2029"]
[BlackElo "2250"]
[Annotator "ChessBase"]
[PlyCount "35"]
[EventDate "2017.??.??"]
[EventCountry "CHN"]
[TimeControl "40/5400+30:1800+30"]

1. d4 Nf6 2. Bf4 e6 3. e3 b6 4. h3 Bb7 5. Nf3 c5 6. c3 cxd4 7. exd4 Be7 8. Bd3 O-O 9. Qe2 d6 10. O-O Re8 11. Nbd2 Nbd7 12. Bh2 Qc7 13. Rfe1 Nf8 14. a4 a6 15. Ng5 Qc6 16. Nge4 Nxe4 17. Bxe4 Qd7 18. Bd3 *

[Event "National-chT China 2017"]
[Site "Beijing"]
[Date "2017.06.09"]
[Round "4"]
[White "Hong, Xing"]
[Black "Wang, Yu A"]
[Result "1/2-1/2"]
[WhiteElo "1992"]
[BlackElo "2354"]
[Annotator "TA"]
[PlyCount "127"]
[EventDate "2017.??.??"]
[EventCountry "CHN"]
[SourceTitle "playchess.com"]
[Source "ChessBase"]
[SourceQuality "1"]

{[%evp 17,127,-2,0,0,-3,0,1,0,0,7,21,18,26,9,15,0,9,0,0,4,8,8,11,0,0,0,0,0,0,-9,12,10,27,-44,-50,-114,-108,-123,-128,-137,-125,-111,-116,-267,-251,-264,-129,-129,-135,-126,-126,-135,-135,-135,-129,-132,-119,-125,0,0,0,0,0,0,0,0,0,-7,0,0,0,-109,-109,-109,-109,-109,-109,-109,-109,-109,-109,-109,0,0,0,0,0,0,0,-109,-109,-109,-109,-109,0,0,0,0,0,0,0,0,0,0,0,0,0,0,0,0,0,0]} 1. e4 e5 2. Nf3 Nc6 3. d4 exd4 4. Nxd4 Nf6 5. Nc3 Bb4 6. Nxc6 bxc6 7. Bd3 d5 8. exd5 cxd5 9. O-O O-O 10. h3 {C47: Scotch Four Knights and Four Knights with 4 g3} c6 11. Qf3 Rb8 (11... Re8 12. Bf4 Qe7 13. a3 Bd6 14. Ne2 c5 15. b3 Be6 16. Bxd6 Qxd6 17. Rad1 Qe7 {1-0 (58) Bacrot,E (2696)-Fressinet,L (2668) Balagna 2017}) 12. Bf4 Bd6 13. b3 Rb4 14. Ne2 c5 15. c3 Rb6 {[#]} 16. Ng3 $146 ({Predecessor:} 16. Rad1 Bb7 17. Bxd6 d4 {1-0 (30) Zelcic,R (2537)-Ledger,D (2306) Pula 2013}) 16... Re8 17. Rad1 Bxf4 18. Qxf4 Qd6 19. Qxd6 Rxd6 20. Rd2 a5 21. Rfd1 g6 22. Nf1 Be6 23. Ne3 Red8 24. f3 d4 25. cxd4 (25. Bb5 $11) 25... Rxd4 $15 26. Nf1 {[#]} (26. Nc2 $15 R4d6 27. Ne3) 26... Nd5 $1 $36 {[%cal Rd5c3][%mdl 2048] Keeping White busy.} 27. Bb1 Nc3 28. Rxd4 Rxd4 29. Re1 a4 {[%cal Ba5a4,Ba4a3][%mdl 32]} 30. Bc2 $2 {[#]} (30. bxa4 $17 Rxa4 31. Ng3) 30... a3 $1 $19 ({Less strong is} 30... Nxa2 31. bxa4 Nb4 32. Bb1 $15) 31. Bb1 Rd1 (31... c4 $19 32. bxc4 Rxc4) 32. Rxd1 $17 Nxd1 {[%mdl 4096] Endgame KBN-KBN} 33. Nd2 Nc3 34. Kf2 Nxb1 35. Nxb1 {[#]} Bxb3 $1 {[%mdl 512]} 36. Nxa3 (36. axb3 a2) 36... Bxa2 {KB-KN} 37. Ke3 f6 ({Better is} 37... Kf8 $17 38. Nb5 f5) 38. Nb5 $1 $11 Kf7 39. Nc3 Bb3 40. Ne4 c4 41. Kd4 Ke6 42. g3 h5 (42... Bd1 $5 {[%cal Rd1f3]} 43. f4 Be2 $15) 43. h4 Bd1 44. Kxc4 (44. Nd2 $11) 44... Bxf3 $17 45. Nd2 Bb7 {And now ...Kf5 would win.} 46. Kd4 Kf5 47. Ke3 Kg4 48. Kf2 Kh3 49. Nc4 g5 ({Black should play} 49... Bc6 $17 50. Ne3 Ba8) 50. hxg5 $11 fxg5 51. Nd6 Bd5 (51... h4 $5 {[%cal Rh4g3]} 52. Nxb7 hxg3+ 53. Kg1 Kh4 $11) 52. Nf5 Be4 53. Ng7 (53. Nd6 $11) 53... Kg4 $17 54. Ne6 Bd5 55. Nc7 Bb7 (55... Bf7 $17 {Hoping for ...Kf5.} 56. Nb5 Kf5 57. Nd6+ Kf6 58. Ne4+ Kg6) 56. Ne8 $11 {The position is equal.} h4 (56... Bf3 $5 {[%cal Rf3d1]}) 57. gxh4 gxh4 58. Kg1 Kg3 {( -> ...h3)} 59. Ng7 Be4 60. Nh5+ Kh3 61. Nf4+ Kg4 62. Ng2 h3 63. Ne3+ Kf3 (63... Kg3 $5 64. Nf1+ $8 Kh4 $11) 64. Kh2 {Precision: White = 62%, Black = 60%.} 1/2-1/2

[Event "National-chT China 2017"]
[Site "Beijing"]
[Date "2017.06.10"]
[Round "5"]
[White "Wei, Yi"]
[Black "Li, Yankai"]
[Result "*"]
[WhiteElo "2728"]
[BlackElo "2451"]
[Annotator "TA"]
[PlyCount "100"]
[EventDate "2017.??.??"]
[EventCountry "CHN"]
[SourceTitle "playchess.com"]
[Source "ChessBase"]
[SourceQuality "1"]

{[%evp 17,100,31,57,57,56,48,97,62,60,56,46,47,52,32,34,5,10,2,1,0,9,3,17,19,10,11,12,22,30,9,8,8,8,7,10,12,17,17,4,0,1,0,0,0,0,0,11,11,13,12,12,5,104,100,96,91,94,104,109,79,79,79,89,80,116,27,27,27,27,27,427,416,391,391,409,410,387,355,438,429,436,429,339,331,312]} 1. e4 e5 2. Nf3 Nf6 3. Nxe5 d6 4. Nf3 Nxe4 5. c4 Be7 6. d4 Bg4 7. h3 {C42: Petroff Defence: 3 Nxe5 and unusual White 3rd moves} Bh5 8. Bd3 Nf6 9. O-O O-O {LiveBook: 3 Games} 10. Nc3 c6 (10... Nc6 11. g4 Bg6 12. Bxg6 hxg6 13. Re1 Re8 14. d5 Nb8 15. Ng5 {0-1 (53) Pijpers,A (2444)-Wegerle,J (2438) Germany 2016}) 11. Re1 Nbd7 12. Bf4 Re8 13. g4 $146 ({Predecessor:} 13. Re3) 13... Bg6 14. Bxg6 hxg6 15. d5 Nb6 16. dxc6 bxc6 17. Qd4 c5 18. Qd3 d5 19. Ne5 {White wants to play Nc6.} Nxc4 20. Nxc4 dxc4 21. Qxc4 Qd4 22. b3 Bd6 23. Be3 (23. Bxd6 {is more complex.} Qxd6 24. Rad1 Qc6 25. Na4 Ne4 26. Re3) 23... Qxc4 (23... Qe5 $5 24. f4 $8 Qe7 $11) 24. bxc4 Be5 $132 {[%mdl 2048] Black has counterplay} 25. Rac1 Bd4 26. Bxd4 Rxe1+ 27. Rxe1 cxd4 $11 {[%mdl 4096] Endgame KRN-KRN} 28. Nb5 Rc8 29. Rc1 d3 30. Rd1 Rxc4 {Strongly threatening ...a6.} 31. Rxd3 g5 32. Rd8+ Kh7 33. Ra8 Rf4 34. Nd6 Ne4 (34... Ra4 $1 $11) 35. Nxe4 $16 Rxe4 36. Rxa7 {KR-KR} Re1+ 37. Kg2 Ra1 38. Ra3 Kg6 39. Kf3 Kf6 40. Ke4 g6 41. Rf3+ ({White should try} 41. Kd5 $16) 41... Ke6 $11 42. a3 f5+ 43. Kd4 fxg4 $2 {[%mdl 8192]} (43... Ra2 $11 {and Black is okay.}) 44. hxg4 $18 Rg1 45. Rg3 Rf1 {[#]} 46. Re3+ $1 Kd6 47. Rd3 Ke6 {[#]} 48. f3 $1 Ra1 49. Kc4 Ke5 50. Kb4 Rb1+ {Precision: White = 70%, Black = 60%.} *

[Event "National-chT China 2017"]
[Site "Beijing"]
[Date "2017.06.10"]
[Round "5"]
[White "Li, Chao b"]
[Black "Bai, Jinshi"]
[Result "1-0"]
[WhiteElo "2720"]
[BlackElo "2573"]
[Annotator "TA"]
[PlyCount "83"]
[EventDate "2017.??.??"]
[EventCountry "CHN"]
[SourceTitle "playchess.com"]
[Source "ChessBase"]
[SourceQuality "1"]

{[%evp 15,83,16,21,12,32,29,29,0,0,0,0,0,0,-14,-27,-65,-42,-52,-49,-47,-6,-16,0,0,22,26,29,13,46,46,117,113,110,110,116,116,115,114,113,110,112,104,105,102,104,104,109,105,103,106,166,159,150,112,114,105,168,151,335,316,285,214,333,345,410,388,572,534,1087,1076]} 1. d4 Nf6 2. c4 c6 3. Nc3 d5 4. cxd5 cxd5 5. Nf3 Nc6 6. Bf4 Bf5 7. e3 e6 8. Qb3 Bb4 9. Ne5 {Threatens to win with Nxc6. D14: Slav Defence: Exchange variation with ...Bf5} Qe7 (9... Bxc3+ $5 10. bxc3 Nxe5 11. Bxe5 O-O $11) 10. Bb5 Rc8 11. Qa4 {[%cal Re5c6] White has an edge.} O-O {Strongly threatening ...Nxe5.} 12. Nxc6 bxc6 13. Ba6 Rcd8 {[%cal Bc8d8,Bd8d6,Bd6c6][%mdl 32]} 14. Qxc6 Nh5 15. Bg3 Nxg3 16. hxg3 {[#]} Rd6 $146 ({Predecessor:} 16... Rb8 17. O-O {½-½ (49) Panchanatham,V (2227)-Felgaer,R (2585) Las Vegas 2015}) 17. Qa4 Bxc3+ (17... Rb8 {feels hotter.} 18. O-O Rdb6 19. Rfc1 Bd6 20. Nd1 h5) 18. bxc3 Qc7 19. O-O Rc6 20. c4 Bd3 21. Rfc1 Bxc4 22. Rc2 e5 {[#]} ({But not} 22... Rxa6 $6 23. Qxa6 $1 {[%mdl 512]} Rb8 24. Qa4 $16) (22... Bb5 $14 23. Rxc6 Bxc6) 23. Rac1 $1 $16 exd4 24. Bxc4 dxc4 25. Rxc4 Rxc4 26. Rxc4 {[%mdl 4096] Endgame KQR-KQR} Qb6 27. Rxd4 h6 28. Rd7 a6 29. Qe4 Qa5 30. Qc2 Rb8 31. a4 Qe5 32. Ra7 Qa1+ (32... Qa5 $16 {keeps fighting.}) 33. Kh2 $18 Qf6 34. Rc7 g6 35. f4 Re8 (35... Rd8 $16) 36. e4 {[%cal Be3e4,Be4e5,Be5e6][%mdl 32]} h5 $2 (36... Qe6 $16) 37. e5 Qe6 38. Qd3 Rb8 (38... g5 $142 39. Ra7 h4 40. gxh4 (40. Rxa6 hxg3+ 41. Kxg3 gxf4+ 42. Kxf4 Qxe5+ 43. Kg4 Rc8 $11) 40... gxf4 41. Rxa6 Qxe5) 39. Ra7 h4 40. gxh4 Qg4 {[#]} (40... Qb6 {is a better defense.}) 41. Qg3 $1 {[%cal Rg3g4]} Qd1 42. e6 {Precision: White = 81%, Black = 37%.} 1-0

[Event "National-chT China 2017"]
[Site "Beijing"]
[Date "2017.06.10"]
[Round "5"]
[White "Ma, Qun"]
[Black "Yu, Yangyi"]
[Result "*"]
[WhiteElo "2637"]
[BlackElo "2749"]
[Annotator "TA"]
[PlyCount "103"]
[EventDate "2017.??.??"]
[EventCountry "CHN"]
[SourceTitle "playchess.com"]
[Source "ChessBase"]
[SourceQuality "1"]

{[%evp 19,103,10,14,0,12,5,13,14,41,-1,-4,-5,-4,-6,-6,-20,-5,-20,-26,-26,-18,-24,-24,-48,-39,-41,-19,-35,-12,-10,-10,-13,-14,-15,-13,-20,-13,-16,-10,-17,0,0,0,0,0,0,0,0,0,0,0,0,0,-8,0,0,0,-8,-8,-8,-8,-8,-8,-12,-8,-8,-8,-8,-8,-8,-8,-8,-8,-8,-8,-12,-12,-12,-12,-12,-12,-12,-12,-12,-12,-53]} 1. d4 Nf6 2. c4 e6 3. Nf3 d5 4. Nc3 Be7 5. Bg5 h6 6. Bh4 O-O 7. e3 Nbd7 8. Rc1 c5 {D63: Queen's Gambit Declined: Classical: 7 Rc1} 9. cxd5 (9. dxc5 Nxc5 10. cxd5 g5 11. Bg3 Nxd5 12. Nxd5 Qxd5 13. Qxd5 exd5 14. Be2 Bd7 15. O-O Rac8 16. Be5 {½-½ (35) Topalov,V (2741)-Kramnik,V (2811) Shamkir 2017}) 9... Nxd5 10. Bxe7 Nxe7 {LiveBook: 26 Games} 11. dxc5 Nxc5 12. b4 (12. Be2 {feels hotter.} b6 13. b4 Qxd1+ 14. Rxd1 Nd7 15. O-O) 12... Nd7 $146 ({Predecessor:} 12... Qxd1+ 13. Rxd1 Nd7 14. Bc4 Nb6 15. Bb3 Bd7 16. O-O {½-½ (32) Nagel,R-Denecke,H DESC email 2006}) 13. Be2 a5 14. bxa5 Qxa5 15. O-O Nf6 16. Nd4 Bd7 17. Nb3 Qa3 18. Bf3 Bc6 19. Nd4 Bxf3 20. Qxf3 Ned5 21. Nxd5 Nxd5 22. Ra1 Ra4 23. Rfb1 Rb4 24. Rxb4 {The position is equal.} Qxb4 25. Qd1 Rc8 26. h3 b6 (26... Nc3 $5 {[%cal Rc3d1]} 27. Qb3 Qxb3 28. axb3 Kh7 $11) 27. Ne2 Qb2 28. a4 Rc2 29. Rb1 Qa2 (29... Rd2 $5 {[%cal Rd2d1]} 30. Rxb2 Rxd1+ 31. Kh2 Ra1 $11) 30. Ra1 Qc4 31. Nd4 Ra2 32. Rxa2 Qxa2 33. Nb5 Qc4 34. Qd4 Qxd4 35. exd4 $11 {[%mdl 4096] Endgame KN-KN} g5 36. Kh2 (36. h4 $5) 36... h5 37. h4 g4 38. Kg3 f5 39. Kh2 $1 Kf7 40. Kg1 Kf6 41. Kf1 e5 42. dxe5+ Kxe5 43. g3 f4 44. gxf4+ Nxf4 45. f3 gxf3 {[#] White must now prevent ...Nd3.} 46. Kf2 Ng6 47. Kxf3 Nxh4+ 48. Kg3 Nf5+ 49. Kh3 Kd5 50. Nc7+ Kc4 51. Kh2 Kc5 {Threatening ...Nd4.} 52. Kh3 {Precision: White = 77%, Black = 75%.} *